<?xml version="1.0" encoding="UTF-8"?>
<record
    xmlns:xsi="http://www.w3.org/2001/XMLSchema-instance"
    xsi:schemaLocation="http://www.loc.gov/MARC21/slim http://www.loc.gov/standards/marcxml/schema/MARC21slim.xsd"
    xmlns="http://www.loc.gov/MARC21/slim">

  <leader>00830nab a2200229 uc4500</leader>
  <controlfield tag="001">831107</controlfield>
  <controlfield tag="005">20251119095425.0</controlfield>
  <controlfield tag="008">030714e18941001                    spa  </controlfield>
  <datafield tag="035" ind1=" " ind2=" ">
    <subfield code="a">831107</subfield>
  </datafield>
  <datafield tag="035" ind1=" " ind2=" ">
    <subfield code="a">(OCoLC)820041001</subfield>
  </datafield>
  <datafield tag="040" ind1=" " ind2=" ">
    <subfield code="c">comduadb</subfield>
  </datafield>
  <datafield tag="041" ind1=" " ind2=" ">
    <subfield code="a">spa</subfield>
  </datafield>
  <datafield tag="100" ind1="1" ind2="0">
    <subfield code="a">Menendez, Rodolfo</subfield>
    <subfield code="4">aut</subfield>
    <subfield code="e">aut</subfield>
    <subfield code="9">370506</subfield>
  </datafield>
  <datafield tag="245" ind1="1" ind2="3">
    <subfield code="a">El espiritu de observacion</subfield>
  </datafield>
  <datafield tag="650" ind1=" " ind2=" ">
    <subfield code="a">Observaci&#xF3;n (M&#xE9;todo educativo)</subfield>
    <subfield code="9">85877</subfield>
  </datafield>
  <datafield tag="650" ind1=" " ind2=" ">
    <subfield code="a">Atencion en ni&#xF1;os</subfield>
    <subfield code="9">57625</subfield>
  </datafield>
  <datafield tag="650" ind1=" " ind2=" ">
    <subfield code="a">Concentraci&#xF3;n mental</subfield>
    <subfield code="9">53302</subfield>
  </datafield>
  <datafield tag="650" ind1=" " ind2="7">
    <subfield code="a">Paciencia</subfield>
    <subfield code="2">lemb</subfield>
    <subfield code="9">6505</subfield>
  </datafield>
  <datafield tag="650" ind1=" " ind2=" ">
    <subfield code="a">Genio</subfield>
    <subfield code="9">34348</subfield>
  </datafield>
  <datafield tag="773" ind1="0" ind2=" ">
    <subfield code="t">Revista de la Instrucci&#xF3;n P&#xFA;blica de Colombia (Bogot&#xE1;)</subfield>
    <subfield code="g">Revista de la Instruccion Publica de Colombia. Volumen 02, N&#xFA;meros 19-24, Julio-Diciembre de 1894, Volumen 02, N&#xFA;mero 22, Octubre de 1894, p. 322-324</subfield>
    <subfield code="w">1082002</subfield>
    <subfield code="0">461866</subfield>
  </datafield>
  <datafield tag="942" ind1=" " ind2=" ">
    <subfield code="c">ARIMP</subfield>
  </datafield>
  <datafield tag="999" ind1=" " ind2=" ">
    <subfield code="c">289989</subfield>
    <subfield code="d">289989</subfield>
  </datafield>
</record>
